XVIIme siècle (Record no. 156854)
[ view plain ]
| 000 -LEADER | |
|---|---|
| campo de control de longitud fija | 00882nam a22002295i 4500 |
| 001 - NÚMERO DE CONTROL | |
| campo de control | 156854 |
| 003 - IDENTIFICADOR DE NÚMERO DE CONTROL | |
| campo de control | ES-MaACL |
| 005 - FECHA Y HORA DE LA ÚLTIMA TRANSACCIÓN | |
| campo de control | 20250702211053.0 |
| 008 - DATOS DE LONGITUD FIJA--INFORMACIÓN GENERAL | |
| campo de control de longitud fija | 900910s1880 fr aa |||| | fre d |
| 040 ## - FUENTE DE CATALOGACIÓN | |
| Centro catalogador/agencia de origen | CAT |
| Lengua de catalogación | spa |
| Centro/agencia transcriptor | CAT |
| Centro/agencia modificador | CCPB |
| 043 ## - CÓDIGO DE ÁREA GEOGRÁFICA | |
| Código de área geográfica | e-fr |
| 080 ## - NÚMERO DE LA CLASIFICACIÓN DECIMAL UNIVERSAL | |
| Número de la Clasificación Decimal Universal | 944 |
| 100 1# - ENTRADA PRINCIPAL--NOMBRE DE PERSONA | |
| Nombre de persona | Lacroix, Paul ( |
| Fechas asociadas al nombre | 1806-1884) |
| 9 (RLIN) | 69408 |
| 245 10 - MENCIÓN DEL TÍTULO | |
| Título | XVIIme siècle |
| Resto del título | : institutions, usages et costumes : France 1590-1700 ... / |
| Mención de responsabilidad, etc. | Paul Lacroix (Bibliophile Jacob). |
| 260 ## - PUBLICACIÓN, DISTRIBUCIÓN, ETC. | |
| Lugar de publicación, distribución, etc. | Paris : |
| Nombre del editor, distribuidor, etc. | Librairie de Firmin-Didot et Cie, |
| Fecha de publicación, distribución, etc. | 1880. |
| 300 ## - DESCRIPCIÓN FÍSICA | |
| Extensión | VIII, 580 p., [35] h. de lám. : |
| Otras características físicas | il. ; |
| Dimensiones | 29 cm. |
| 651 #4 - PUNTO DE ACCESO ADICIONAL DE MATERIA--NOMBRE GEOGRÁFICO | |
| Nombre geográfico | Francia- |
| Subdivisión general | Historia- |
| Subdivisión cronológica | 1610-1643, Luis XIII. |
| 9 (RLIN) | 161635 |
| 651 #4 - PUNTO DE ACCESO ADICIONAL DE MATERIA--NOMBRE GEOGRÁFICO | |
| Nombre geográfico | Francia- |
| Subdivisión general | Historia- |
| Subdivisión cronológica | 1643-1715, Luis XIV. |
| 9 (RLIN) | 8682 |
| 651 #7 - PUNTO DE ACCESO ADICIONAL DE MATERIA--NOMBRE GEOGRÁFICO | |
| Nombre geográfico | Francia- |
| Subdivisión general | Usos y costumbres |
| Fuente del encabezamiento o término | |
| 9 (RLIN) | 137186 |
| 852 ## - LOCALIZACIÓN | |
| Ubicación | ES-MaACL |
| Número de control de estantería | G-8119 |
| Nota libre | -- Enc. editorial hol. grab. con hierros y cortes dorados |
| Estatus retirado | Estado de pérdida | Estado de daño | No para préstamo | Colección | Biblioteca de origen | Biblioteca actual | Ubicación en estantería | Fecha de adquisición | Fuente de adquisición | Total de préstamos | Signatura topográfica completa | Código de barras | Visto por última vez | Precio de reemplazo | Tipo de ítem Koha |
|---|---|---|---|---|---|---|---|---|---|---|---|---|---|---|---|
| Libros del s. XIX | Biblioteca del Ateneo de Madrid | Biblioteca del Ateneo de Madrid | Sala Pecera Planta 3 | 17/01/2008 | G-8119 | 1164109 | 23/02/2023 | 23/02/2023 | Libro impreso antiguo |
